[Event "1516LLO"]
[Site "Mecklenburg-Vorpommern"]
[Date "2016.04.10"]
[Round "8.7"]
[White "Romoth, Dirk"]
[Black "Scheel, Manfred"]
[Result "0-1"]
[WhiteElo "1231"]
[BlackElo "1592"]
[PlyCount "112"]
[EventType "team-tourn"]
[EventRounds "9"]
[EventCountry "GER"]
[SourceDate "2015.09.20"]
[WhiteTeam "SV Gryps"]
[BlackTeam "SV Rugia Bergen"]
[WhiteTeamCountry "GER"]
[BlackTeamCountry "GER"]

1. e4 e5 2. Nf3 Nc6 3. Bc4 Be7 4. d4 d6 5. dxe5 Nxe5 6. Nxe5 dxe5 7. Qxd8+ Bxd8
8. O-O Nf6 9. Nc3 c6 10. f3 O-O 11. a3 b5 12. Bd3 Bb6+ 13. Kh1 h6 14. Bd2 Rd8
15. Be1 Nh5 16. Ne2 Be3 17. Bf2 Bxf2 18. Rxf2 a6 19. b4 Be6 20. Ng3 Nf4 21. Rd1
Rd7 22. Ne2 Nxd3 23. Rxd3 Rxd3 24. cxd3 Rd8 25. Nc1 a5 26. Rc2 axb4 27. axb4
Rd4 28. Rxc6 Rxb4 29. Rc5 Rb1 30. Kg1 Bc4 31. Kf2 Rxc1 32. dxc4 b4 33. Rxe5
Rxc4 34. Rd5 b3 35. Ke3 b2 36. Rb5 Rc2 37. g4 Rxh2 38. Kd3 g6 39. Kc3 Rf2 40.
e5 Rxf3+ 41. Kxb2 Rf4 42. Rb6 Rxg4 43. e6 fxe6 44. Rxe6 Kf7 45. Rc6 h5 46. Kc2
h4 47. Kd2 g5 48. Ke2 Rf4 49. Ke3 Rf6 50. Rc4 Kg6 51. Ke2 h3 52. Rc3 g4 53. Rc2
Kg5 54. Ke1 g3 55. Rc3 Kg4 56. Rc4+ Rf4 0-1

[Event "1516LLO"]
[Site "Mecklenburg-Vorpommern"]
[Date "2016.04.10"]
[Round "8.8"]
[White "Krawelitzki, Gerhard"]
[Black "Wagner, Tino"]
[Result "1-0"]
[WhiteElo "1534"]
[BlackElo "996"]
[PlyCount "103"]
[EventType "team-tourn"]
[EventRounds "9"]
[EventCountry "GER"]
[SourceDate "2015.09.20"]
[WhiteTeam "SV Rugia Bergen"]
[BlackTeam "SV Gryps"]
[WhiteTeamCountry "GER"]
[BlackTeamCountry "GER"]

1. e4 e5 2. Bc4 Nc6 3. Ne2 Nf6 4. d3 Bc5 5. O-O O-O 6. c3 a6 7. b4 Ba7 8. a4 d6
9. Qe1 Ne7 10. Bb3 Ng6 11. Bc2 Re8 12. c4 h6 13. Nbc3 c6 14. Rb1 Nh5 15. b5 Bb6
16. Bd2 a5 17. Bd1 Qf6 18. bxc6 Qd8 19. Nd5 Bc5 20. cxb7 Bxb7 21. Rxb7 Rb8 22.
Rxb8 Qxb8 23. Nec3 Nhf4 24. Bxf4 Nxf4 25. Nxf4 exf4 26. Nb5 Bb4 27. Qe2 Re7 28.
Qf3 Bd2 29. Bc2 g5 30. Rd1 Bb4 31. h4 f6 32. hxg5 fxg5 33. Qg4 Qf8 34. Nd4 Qf7
35. Nc6 Rc7 36. Nxb4 axb4 37. Bb3 Re7 38. Rb1 Kg7 39. c5 Qf6 40. c6 Qc3 41. Qd1
Qxc6 42. Qc2 Qxc2 43. Bxc2 Rc7 44. Rb2 g4 45. Bb3 Rc1+ 46. Kh2 Kf6 47. a5 Kg5
48. g3 fxg3+ 49. fxg3 h5 50. a6 h4 51. a7 hxg3+ 52. Kxg3 1-0

[Event "1516LLO"]
[Site "Mecklenburg-Vorpommern"]
[Date "2016.04.10"]
[Round "8.1"]
[White "Manke, Karsten"]
[Black "Schubert, Volker"]
[Result "1/2-1/2"]
[WhiteElo "1762"]
[BlackElo "1958"]
[PlyCount "22"]
[EventType "team-tourn"]
[EventRounds "9"]
[EventCountry "GER"]
[SourceDate "2015.09.20"]
[WhiteTeam "FHSG Stralsund II"]
[BlackTeam "SV Motor Wolgast"]
[WhiteTeamCountry "GER"]
[BlackTeamCountry "GER"]

1. e4 c5 2. Nf3 d6 3. d4 cxd4 4. Nxd4 Nf6 5. Nc3 a6 6. Be2 e5 7. Nb3 Be6 8. Be3
Be7 9. Bf3 b5 10. a3 Nbd7 11. O-O Qc7 1/2-1/2

[Event "1516LLO"]
[Site "Mecklenburg-Vorpommern"]
[Date "2016.04.10"]
[Round "8.2"]
[White "Rosin, Ralf"]
[Black "Paulowitz, Bernd Rainer"]
[Result "1/2-1/2"]
[WhiteElo "1730"]
[BlackElo "1887"]
[PlyCount "60"]
[EventType "team-tourn"]
[EventRounds "9"]
[EventCountry "GER"]
[SourceDate "2015.09.20"]
[WhiteTeam "SV Motor Wolgast"]
[BlackTeam "FHSG Stralsund II"]
[WhiteTeamCountry "GER"]
[BlackTeamCountry "GER"]

1. d4 Nf6 2. Nf3 e6 3. c4 d5 4. e3 c6 5. Nc3 Nbd7 6. Bd2 Be7 7. Rc1 O-O 8. cxd5
exd5 9. Bd3 Re8 10. O-O Bd6 11. Qc2 Nf8 12. h3 Ng6 13. e4 dxe4 14. Nxe4 Nxe4
15. Bxe4 Be6 16. Rfe1 Be7 17. Rcd1 Bd5 18. Ne5 Bxe4 19. Qxe4 Bd6 20. Qf5 Qc7
21. Bc3 Rf8 22. Qg4 Rae8 23. Nxg6 hxg6 24. h4 Qc8 25. Qxc8 Rxc8 26. d5 cxd5 27.
Rxd5 Rfd8 28. Red1 Be7 29. g3 Rxd5 30. Rxd5 Rd8 1/2-1/2

[Event "1516LLO"]
[Site "Mecklenburg-Vorpommern"]
[Date "2016.04.10"]
[Round "8.3"]
[White "Rickmann, Niklas"]
[Black "Pochop, Bert"]
[Result "1-0"]
[WhiteElo "1686"]
[BlackElo "1796"]
[PlyCount "103"]
[EventType "team-tourn"]
[EventRounds "9"]
[EventCountry "GER"]
[SourceDate "2015.09.20"]
[WhiteTeam "FHSG Stralsund II"]
[BlackTeam "SV Motor Wolgast"]
[WhiteTeamCountry "GER"]
[BlackTeamCountry "GER"]

1. e4 c5 2. Nf3 Nc6 3. d4 cxd4 4. Nxd4 Nf6 5. Nc3 e6 6. Bg5 Be7 7. Bc4 Nxe4 8.
Bxe7 Qxe7 9. Nxc6 bxc6 10. Nxe4 Qb4+ 11. Nd2 Qxb2 12. Rb1 Qd4 13. O-O O-O 14.
Be2 d5 15. Nf3 Qf6 16. Qd4 Qe7 17. Rfe1 f6 18. Nd2 e5 19. Qa4 Qc7 20. Rb2 f5
21. c4 e4 22. cxd5 cxd5 23. Rc2 Qe5 24. Nb3 f4 25. Qd4 Qg5 26. f3 Bh3 27. Bd1
Rac8 28. Qf2 e3 29. Qe2 Bf5 30. Rxc8 Rxc8 31. Nd4 Bd7 32. Bb3 Qe5 33. Qd3 a5
34. Ne2 Be6 35. Qd4 Qxd4 36. Nxd4 Kf7 37. g3 g5 38. gxf4 gxf4 39. Ne2 a4 40.
Bxa4 Rc4 41. Bb3 Rb4 42. Rd1 Kf6 43. Rd4 Rxd4 44. Nxd4 Ke5 45. Nxe6 Kxe6 46.
Kf1 Kd6 47. Ke2 Kc5 48. Kd3 d4 49. a3 Kb5 50. Bd1 Kc5 51. Be2 h6 52. Ke4 1-0

[Event "1516LLO"]
[Site "Mecklenburg-Vorpommern"]
[Date "2016.04.10"]
[Round "8.4"]
[White "Klotzsche, Stefan"]
[Black "Vlach, Michael"]
[Result "1-0"]
[WhiteElo "1745"]
[BlackElo "1613"]
[PlyCount "69"]
[EventType "team-tourn"]
[EventRounds "9"]
[EventCountry "GER"]
[SourceDate "2015.09.20"]
[WhiteTeam "SV Motor Wolgast"]
[BlackTeam "FHSG Stralsund II"]
[WhiteTeamCountry "GER"]
[BlackTeamCountry "GER"]

1. c4 Nf6 2. Nc3 g6 3. Nf3 Bg7 4. g3 b6 5. Bg2 Bb7 6. O-O c5 7. Rb1 O-O 8. b4
cxb4 9. Rxb4 Na6 10. Rb1 Qc7 11. d3 h6 12. h3 Rfd8 13. Bf4 Qc8 14. g4 g5 15.
Be5 d6 16. Bxf6 exf6 17. Qd2 f5 18. gxf5 Qxf5 19. e4 Qc5 20. Rb5 Qc8 21. Ne2
Nc5 22. Ned4 Bc6 23. Nxc6 Qxc6 24. e5 Qe8 25. d4 dxe5 26. Nxe5 Rac8 27. Qe3
Bxe5 28. dxc5 Bd4 29. Qxe8+ Rxe8 30. c6 Re2 31. Rd5 Bc5 32. Rd7 a5 33. c7 Ree8
34. Rfd1 Kf8 35. Bb7 1-0

[Event "1516LLO"]
[Site "Mecklenburg-Vorpommern"]
[Date "2016.04.10"]
[Round "8.5"]
[White "Jabbusch, Burkhard"]
[Black "Schellner, Ulf"]
[Result "0-1"]
[WhiteElo "1688"]
[BlackElo "1624"]
[PlyCount "120"]
[EventType "team-tourn"]
[EventRounds "9"]
[EventCountry "GER"]
[SourceDate "2015.09.20"]
[WhiteTeam "FHSG Stralsund II"]
[BlackTeam "SV Motor Wolgast"]
[WhiteTeamCountry "GER"]
[BlackTeamCountry "GER"]

1. f4 d5 2. Nf3 Nf6 3. e3 e6 4. Be2 Be7 5. d3 Nc6 6. c3 b6 7. Nbd2 Ng4 8. Nf1
Bb7 9. h3 Nh6 10. g3 f6 11. Qc2 Qd7 12. b4 a5 13. b5 Na7 14. c4 dxc4 15. dxc4
Bc5 16. Bb2 O-O-O 17. Rd1 Qe7 18. g4 Nf7 19. Rg1 Nd6 20. N3d2 Rhf8 21. Bf3 g6
22. Bxb7+ Kxb7 23. Bd4 Bxd4 24. exd4 e5 25. Kf2 exf4 26. Re1 Qf7 27. Rc1 Qd7
28. a4 Nxc4 29. Qe4+ Kb8 30. Rxc4 f5 31. gxf5 Rxf5 32. Nf3 Rd5 33. Rh1 g5 34.
Ne5 Qe7 35. Nd2 Qa3 36. Nef3 R8d7 37. Rhc1 Qd6 38. Kg2 Re7 39. Qd3 Re3 40. Qf1
Re7 41. Re1 h5 42. Rxe7 Qxe7 43. Qe1 Qxe1 44. Nxe1 Nc8 45. Nb3 Nd6 46. Rc2 Nf5
47. Rd2 Kb7 48. Kf3 Rd7 49. Ng2 c6 50. bxc6+ Kxc6 51. Ke4 Nd6+ 52. Kd3 Nf5 53.
Re2 Re7 54. Rf2 Kd5 55. h4 Nxh4 56. Nxh4 Re3+ 57. Kc2 gxh4 58. Rxf4 h3 59. Rf6
Kc4 60. d5 Rc3+ {ZÜ} 0-1

[Event "1516LLO"]
[Site "Mecklenburg-Vorpommern"]
[Date "2016.04.10"]
[Round "8.6"]
[White "Tarasow, Alexey"]
[Black "Klinger, Clemens"]
[Result "1/2-1/2"]
[WhiteElo "1741"]
[BlackElo "1550"]
[PlyCount "36"]
[EventType "team-tourn"]
[EventRounds "9"]
[EventCountry "GER"]
[SourceDate "2015.09.20"]
[WhiteTeam "SV Motor Wolgast"]
[BlackTeam "FHSG Stralsund II"]
[WhiteTeamCountry "GER"]
[BlackTeamCountry "GER"]

1. e4 c5 2. Nc3 e6 3. f4 Nc6 4. Nf3 a6 5. a4 Qc7 6. f5 Nf6 7. Bc4 Bd6 8. d3 h6
9. O-O Ng4 10. h3 Nf6 11. fxe6 dxe6 12. Be3 O-O 13. Qd2 Ne5 14. Bxh6 Nxc4 15.
dxc4 gxh6 16. Qxh6 Nh7 17. e5 Bxe5 18. Ne4 f6 1/2-1/2

[Event "1516LLO"]
[Site "Mecklenburg-Vorpommern"]
[Date "2016.04.10"]
[Round "8.7"]
[White "Loesche, Richard"]
[Black "Lange, Jannis"]
[Result "0-1"]
[WhiteElo "1572"]
[BlackElo "1610"]
[PlyCount "40"]
[EventType "team-tourn"]
[EventRounds "9"]
[EventCountry "GER"]
[SourceDate "2015.09.20"]
[WhiteTeam "FHSG Stralsund II"]
[BlackTeam "SV Motor Wolgast"]
[WhiteTeamCountry "GER"]
[BlackTeamCountry "GER"]

1. e4 c5 2. f4 Nc6 3. Bb5 a6 4. Bxc6 bxc6 5. Nf3 Nf6 6. Nc3 g6 7. d3 Bg7 8. O-O
O-O 9. Ne2 d6 10. Rb1 Nh5 11. b3 f5 12. e5 d5 13. d4 cxd4 14. Qxd4 Qc7 15. Ba3
Rd8 16. Bc5 Rb8 17. a4 e6 18. Bd6 Rxd6 19. exd6 Bxd4+ 20. Nexd4 Qxd6 0-1

[Event "1516LLO"]
[Site "Mecklenburg-Vorpommern"]
[Date "2016.04.24"]
[Round "9.1"]
[White "Schwahn, Christian"]
[Black "Manke, Karsten"]
[Result "1-0"]
[WhiteElo "1963"]
[BlackElo "1762"]
[PlyCount "52"]
[EventType "team-tourn"]
[EventRounds "9"]
[EventCountry "GER"]
[SourceDate "2015.09.20"]
[WhiteTeam "Greifswalder SV II "]
[BlackTeam "FHSG Stralsund II"]
[WhiteTeamCountry "GER"]
[BlackTeamCountry "GER"]

1. d4 Nf6 2. c4 c5 3. d5 e6 4. Nc3 exd5 5. cxd5 d6 6. e4 g6 7. Nf3 Bg7 8. h3
O-O 9. Be2 a6 10. a4 h6 11. Be3 Qc7 12. O-O b6 13. Nd2 Nbd7 14. f4 Re8 15. Qc2
Rb8 16. Rae1 Nf8 17. Bc4 Kh8 18. Qd3 Ra8 19. g4 h5 20. g5 N6h7 21. f5 gxf5 22.
exf5 Rxe3 23. Rxe3 Bd4 24. Kg2 Nxg5 25. Re8 Bb7 26. Rxa8 Bxa8 1-0

[Event "1516LLO"]
[Site "Mecklenburg-Vorpommern"]
[Date "2016.04.24"]
[Round "9.2"]
[White "Paulowitz, Bernd Rainer"]
[Black "Hertel, Johannes"]
[Result "1/2-1/2"]
[WhiteElo "1887"]
[BlackElo "1835"]
[PlyCount "54"]
[EventType "team-tourn"]
[EventRounds "9"]
[EventCountry "GER"]
[SourceDate "2015.09.20"]
[WhiteTeam "FHSG Stralsund II"]
[BlackTeam "Greifswalder SV II "]
[WhiteTeamCountry "GER"]
[BlackTeamCountry "GER"]

1. d4 Nf6 2. c4 e6 3. Nc3 Bb4 4. Qc2 O-O 5. Nf3 b6 6. e4 d5 7. e5 Ne4 8. a3
Bxc3+ 9. bxc3 Ba6 10. cxd5 exd5 11. Bd3 Bxd3 12. Qxd3 f6 13. O-O Nc6 14. exf6
Qxf6 15. Be3 Rae8 16. c4 Qe6 17. Rac1 Ne7 18. Ne5 Nf6 19. c5 Ng4 20. Nxg4 Qxg4
21. h3 Qd7 22. Bd2 Ng6 23. Qa6 h6 24. Qd3 Nf4 25. Bxf4 Rxf4 26. cxb6 cxb6 27.
Rfe1 Rfe4 1/2-1/2

[Event "1516LLO"]
[Site "Mecklenburg-Vorpommern"]
[Date "2016.04.24"]
[Round "9.3"]
[White "Nauschuetz, Ernst"]
[Black "Vlach, Michael"]
[Result "1-0"]
[WhiteElo "1853"]
[BlackElo "1613"]
[PlyCount "96"]
[EventType "team-tourn"]
[EventRounds "9"]
[EventCountry "GER"]
[SourceDate "2015.09.20"]
[WhiteTeam "Greifswalder SV II "]
[BlackTeam "FHSG Stralsund II"]
[WhiteTeamCountry "GER"]
[BlackTeamCountry "GER"]

1. c4 c5 2. g3 Nf6 3. Bg2 g6 4. Nf3 Bg7 5. Nc3 Nc6 6. O-O O-O 7. d4 cxd4 8.
Nxd4 Qb6 9. Nc2 e6 10. b3 a6 11. Bb2 Qc7 12. Qd2 Rd8 13. e4 Ne8 14. Rad1 Rb8
15. Ne3 Nd4 16. f4 d6 17. Na4 b5 18. Bxd4 Bxd4 19. Qxd4 bxa4 20. bxa4 Bb7 21.
Rd2 Qc5 22. Qxc5 dxc5 23. Rfd1 Rxd2 24. Rxd2 Bc6 25. a5 Kf8 26. e5 Bxg2 27.
Kxg2 Rb4 28. Kf3 h5 29. Ke4 Ra4 30. Rb2 Rxa5 31. Nc2 Ng7 32. Rb8+ Ke7 33. Rb7+
Ke8 34. a3 Nf5 35. Rc7 Ne7 36. Kd3 Kd8 37. Rb7 Ke8 38. Kc3 Nf5 39. Rb6 Kf8 40.
Kb3 Kg7 41. Rb7 Kf8 42. Rd7 Ke8 43. Rd3 Ke7 44. h3 Ke8 45. g4 hxg4 46. hxg4 Nh6
47. Rg3 Ke7 48. a4 Ke8 1-0

[Event "1516LLO"]
[Site "Mecklenburg-Vorpommern"]
[Date "2016.04.24"]
[Round "9.4"]
[White "Jabbusch, Burkhard"]
[Black "Grehl, Tino"]
[Result "0-1"]
[WhiteElo "1688"]
[BlackElo "1822"]
[PlyCount "70"]
[EventType "team-tourn"]
[EventRounds "9"]
[EventCountry "GER"]
[SourceDate "2015.09.20"]
[WhiteTeam "FHSG Stralsund II"]
[BlackTeam "Greifswalder SV II "]
[WhiteTeamCountry "GER"]
[BlackTeamCountry "GER"]

1. f4 d5 2. Nf3 Nf6 3. e3 g6 4. Be2 Bg7 5. O-O O-O 6. d3 c6 7. c3 Qc7 8. h3
Nbd7 9. Nbd2 e5 10. fxe5 Nxe5 11. Nxe5 Qxe5 12. Nf3 Qc7 13. Qe1 Nh5 14. Qf2 Ng3
15. Re1 Nxe2+ 16. Rxe2 Be6 17. Qh4 Qd8 18. Qxd8 Raxd8 19. d4 Bf5 20. Ne1 Rfe8
21. Kf2 Be4 22. b3 Re6 23. a3 Rde8 24. Raa2 Bh6 25. Rab2 Bf8 26. Ra2 Bd6 27. b4
Rf6+ 28. Kg1 Bg3 29. a4 Rf5 30. Nf3 Bd3 31. Reb2 g5 32. Nh2 Re6 33. b5 Ref6 34.
Nf3 h5 35. bxc6 bxc6 0-1

[Event "1516LLO"]
[Site "Mecklenburg-Vorpommern"]
[Date "2016.04.24"]
[Round "9.5"]
[White "Zimmermann, Bernd"]
[Black "Klinger, Clemens"]
[Result "1-0"]
[WhiteElo "1646"]
[BlackElo "1550"]
[PlyCount "79"]
[EventType "team-tourn"]
[EventRounds "9"]
[EventCountry "GER"]
[SourceDate "2015.09.20"]
[WhiteTeam "Greifswalder SV II "]
[BlackTeam "FHSG Stralsund II"]
[WhiteTeamCountry "GER"]
[BlackTeamCountry "GER"]

1. e4 c5 2. Nf3 a6 3. d4 cxd4 4. Nxd4 e6 5. c4 Qc7 6. Nc3 Nf6 7. Bg5 Be7 8. Be2
d6 9. Qd2 h6 10. Be3 Nbd7 11. f3 Ne5 12. b3 O-O 13. O-O b6 14. Rac1 Bb7 15.
Rfd1 Rad8 16. Bf1 Qb8 17. Qf2 Ned7 18. Nc2 d5 19. cxd5 exd5 20. exd5 Qe5 21.
Bd4 Bc5 22. Bxe5 Bxf2+ 23. Kxf2 Nxe5 24. Ne3 Rd7 25. Rc2 b5 26. Rcd2 g6 27. Ne4
Nxe4+ 28. fxe4 f5 29. exf5 gxf5 30. Be2 Kg7 31. Bf3 Kg6 32. d6 Bxf3 33. gxf3
Rf6 34. Nd5 Rf8 35. Nb6 Rb7 36. d7 Rd8 37. Rd6+ Kh7 38. Re6 Nf7 39. Rde1 Rbb8
40. Re7 1-0

[Event "1516LLO"]
[Site "Mecklenburg-Vorpommern"]
[Date "2016.04.24"]
[Round "9.6"]
[White "Loesche, Richard"]
[Black "Motullo, Jens"]
[Result "0-1"]
[WhiteElo "1572"]
[BlackElo "1646"]
[PlyCount "83"]
[EventType "team-tourn"]
[EventRounds "9"]
[EventCountry "GER"]
[SourceDate "2015.09.20"]
[WhiteTeam "FHSG Stralsund II"]
[BlackTeam "Greifswalder SV II "]
[WhiteTeamCountry "GER"]
[BlackTeamCountry "GER"]

1. e4 e5 2. Nf3 Nc6 3. Bc4 Nf6 4. Ng5 d5 5. exd5 Nxd5 6. Nxf7 Kxf7 7. Qf3+ Ke6
8. Nc3 Nce7 9. d4 c6 10. O-O Kd7 11. Nxd5 Nxd5 12. dxe5 Kc7 13. Qg3 Be6 14. Rd1
Qe8 15. h3 Rd8 16. Bd2 Rd7 17. a3 g5 18. b4 h5 19. Bxd5 Rxd5 20. Bxg5 Rg8 21.
Qh4 Qg6 22. f4 Be7 23. Rf1 Bxg5 24. fxg5 Qxg5 25. Qxg5 Rxg5 26. Kh1 Rdxe5 27.
Rf2 Bd5 28. Rc1 b5 29. Rd1 Rg3 30. Rd3 h4 31. Kh2 Reg5 32. Rdd2 Rxa3 33. Rd3
Rxd3 34. cxd3 Rg3 35. Rd2 Kd6 36. d4 Rb3 37. Rf2 Rxb4 38. Rf6+ Kc7 39. Rf4 Rb2
40. Rg4 Rxg2+ 41. Rxg2 Bxg2 42. Kxg2 0-1

[Event "1516LLO"]
[Site "Mecklenburg-Vorpommern"]
[Date "2016.04.24"]
[Round "9.7"]
[White "Dombrowski, Frank"]
[Black "Assmann, Hans"]
[Result "1-0"]
[WhiteElo "1988"]
[BlackElo "1487"]
[PlyCount "87"]
[EventType "team-tourn"]
[EventRounds "9"]
[EventCountry "GER"]
[SourceDate "2015.09.20"]
[WhiteTeam "Greifswalder SV II "]
[BlackTeam "FHSG Stralsund II"]
[WhiteTeamCountry "GER"]
[BlackTeamCountry "GER"]

1. c3 c5 2. d4 e6 3. Bf4 cxd4 4. cxd4 Nc6 5. e3 Nf6 6. Nd2 d5 7. a3 Be7 8. h3
O-O 9. Ngf3 Ne4 10. Bd3 Nxd2 11. Nxd2 Bd6 12. Bxd6 Qxd6 13. b4 a6 14. Nb3 b5
15. Qc2 g6 16. Rc1 Ne7 17. Qc7 Rd8 18. Kd2 Rb8 19. Rc3 Rd7 20. Qxd6 Rxd6 21.
Rhc1 Kg7 22. Rc7 Bd7 23. Nc5 Rc8 24. Rxd7 Rxd7 25. Nxd7 Rxc1 26. Kxc1 Nc6 27.
Nc5 Nb8 28. Kb2 Kf6 29. a4 bxa4 30. Nxa6 Nd7 31. Nc5 Ke7 32. Nxd7 Kxd7 33. Bb5+
Kc7 34. Bxa4 f6 35. f4 h6 36. h4 Kd6 37. Bc2 g5 38. fxg5 fxg5 39. hxg5 hxg5 40.
b5 e5 41. dxe5+ Kxe5 42. b6 Kd6 43. Ba4 g4 44. g3 1-0

[Event "1516LLO"]
[Site "Mecklenburg-Vorpommern"]
[Date "2016.04.24"]
[Round "9.8"]
[White "Busch, Christian"]
[Black "Lanin, Boris"]
[Result "0-1"]
[WhiteElo "1366"]
[BlackElo "2112"]
[PlyCount "60"]
[EventType "team-tourn"]
[EventRounds "9"]
[EventCountry "GER"]
[SourceDate "2015.09.20"]
[WhiteTeam "FHSG Stralsund II"]
[BlackTeam "Greifswalder SV II "]
[WhiteTeamCountry "GER"]
[BlackTeamCountry "GER"]

1. e4 e5 2. Nf3 Nc6 3. Bb5 Nd4 4. Nxd4 exd4 5. d3 c6 6. Bc4 d5 7. exd5 cxd5 8.
Bb3 Bc5 9. O-O Ne7 10. Ba4+ Bd7 11. Bxd7+ Qxd7 12. Re1 O-O 13. Bf4 Ng6 14. Bg3
Rfe8 15. Rxe8+ Rxe8 16. a3 f5 17. h3 f4 18. Bh2 f3 19. gxf3 Qxh3 20. Nd2 Nh4
21. Qf1 Qe6 22. Bg3 Qh6 23. Re1 Rf8 24. Qe2 Rf6 25. Qe8+ Bf8 26. Qe5 Kh8 27.
Qe2 Qg5 28. Kf1 Qf5 29. Qe5 Qh3+ 30. Ke2 Re6 0-1

[Event "1516LLO"]
[Site "Mecklenburg-Vorpommern"]
[Date "2016.04.24"]
[Round "9.1"]
[White "Reinke, Thomas"]
[Black "Voelsgen, Georg"]
[Result "0-1"]
[WhiteElo "1886"]
[BlackElo "1994"]
[PlyCount "116"]
[EventType "team-tourn"]
[EventRounds "9"]
[EventCountry "GER"]
[SourceDate "2015.09.20"]
[WhiteTeam "SV Motor Wolgast"]
[BlackTeam "SV Gryps"]
[WhiteTeamCountry "GER"]
[BlackTeamCountry "GER"]

1. e4 e5 2. Nc3 Nc6 3. Bc4 Nf6 4. d3 d6 5. Bg5 Be7 6. Nge2 h6 7. Bxf6 Bxf6 8.
O-O g5 9. Ng3 Be6 10. Nd5 Bg7 11. Nh5 Rg8 12. Qf3 Nd4 13. Nhf6+ Bxf6 14. Qxf6
Rg6 15. Qxd8+ Kxd8 16. c3 Ne2+ 17. Kh1 Nf4 18. Nxf4 gxf4 19. Bxe6 fxe6 20. f3
Ke7 21. Kg1 Rag8 22. Rf2 h5 23. Kf1 h4 24. h3 c5 25. c4 Kd7 26. Rc1 R6g7 27.
Rcc2 Kc6 28. Ke1 Rd8 29. Rfd2 d5 30. b3 dxe4 31. dxe4 Rd4 32. Kd1 Rxg2 33. Rxd4
Rg1+ 34. Ke2 exd4 35. Kd3 Rg3 36. e5 Rxf3+ 37. Ke4 Rxh3 38. Kxf4 Rh1 39. Rg2
Rf1+ 40. Kg4 Re1 41. Kf4 Rf1+ 42. Ke4 Rf7 43. Rh2 Rh7 44. Rh3 Kd7 45. a3 b6 46.
b4 Rh5 47. b5 Ke7 48. Kf4 Kf7 49. a4 Kg6 50. Rh1 h3 51. Rg1+ Kh6 52. Rh1 h2 53.
Kg4 Kg6 54. Kf4 Rh4+ 55. Kg3 Kg5 56. Kg2 Kg4 57. Kf2 Kh3 58. Kf3 Rh5 0-1

[Event "1516LLO"]
[Site "Mecklenburg-Vorpommern"]
[Date "2016.04.24"]
[Round "9.2"]
[White "Springer, Guido"]
[Black "Schubert, Volker"]
[Result "1-0"]
[WhiteElo "1743"]
[BlackElo "1958"]
[PlyCount "121"]
[EventType "team-tourn"]
[EventRounds "9"]
[EventCountry "GER"]
[SourceDate "2015.09.20"]
[WhiteTeam "SV Gryps"]
[BlackTeam "SV Motor Wolgast"]
[WhiteTeamCountry "GER"]
[BlackTeamCountry "GER"]

1. e4 c5 2. Nf3 d6 3. d4 cxd4 4. Nxd4 a6 5. Nc3 Nf6 6. Bc4 e6 7. Be3 Be7 8. Qe2
Nbd7 9. Bxe6 O-O 10. Bb3 Nc5 11. f3 Nxb3 12. axb3 Bd7 13. O-O Qc7 14. Rfd1 Rad8
15. Qf2 Rc8 16. Rd2 Rfe8 17. Rad1 h6 18. Nde2 Bc6 19. Nf4 Bf8 20. Bb6 Qb8 21.
Bd4 Qc7 22. Bxf6 gxf6 23. Qh4 Re5 24. Qxf6 Rg5 25. h4 Rg7 26. Ncd5 Bxd5 27.
Nxd5 Qc5+ 28. Kh1 Re8 29. Qxh6 Re6 30. Nf6+ Rxf6 31. Qxf6 Rg6 32. Qd4 Qh5 33.
Qf2 Qe5 34. Rd5 Qe7 35. Rg5 Rxg5 36. hxg5 Qxg5 37. Rd5 Qc1+ 38. Kh2 Qh6+ 39.
Kg1 Qc1+ 40. Qf1 Qe3+ 41. Kh2 Qh6+ 42. Kg3 Qg7+ 43. Kf2 Qxb2 44. Rg5+ Bg7 45.
Qd3 Qf6 46. Rg3 Kf8 47. Qc4 Qd8 48. f4 Bf6 49. Rd3 Bh4+ 50. g3 Be7 51. Qd4 Kg8
52. e5 d5 53. f5 Qc7 54. Qxd5 Qxc2+ 55. Kf3 Qc1 56. f6 Bc5 57. Qe4 Qh1+ 58. Kf4
Qh6+ 59. Kg4 Bb6 60. Rd1 Qf8 61. Rh1 1-0

[Event "1516LLO"]
[Site "Mecklenburg-Vorpommern"]
[Date "2016.04.24"]
[Round "9.3"]
[White "Riebort, Frank"]
[Black "Hollatz, Michael"]
[Result "1-0"]
[WhiteElo "1884"]
[BlackElo "1767"]
[PlyCount "63"]
[EventType "team-tourn"]
[EventRounds "9"]
[EventCountry "GER"]
[SourceDate "2015.09.20"]
[WhiteTeam "SV Motor Wolgast"]
[BlackTeam "SV Gryps"]
[WhiteTeamCountry "GER"]
[BlackTeamCountry "GER"]

1. d4 d5 2. c4 c6 3. Nc3 Nf6 4. e3 g6 5. Bd3 Bg7 6. Nf3 O-O 7. O-O Re8 8. b3
Nbd7 9. Bb2 e5 10. dxe5 Nxe5 11. Nxe5 Rxe5 12. Ne2 Re7 13. Qc2 dxc4 14. Qxc4
Be6 15. Qc2 Nd5 16. Bxg7 Kxg7 17. Rfd1 Qb6 18. Qb2+ Kg8 19. Nd4 Bg4 20. Rd2 Rd8
21. h3 Bc8 22. Bc4 Rxe3 23. fxe3 Nxe3 24. Qc3 Nf5 25. Rad1 Re8 26. Re2 Rd8 27.
Kh2 Qc7+ 28. g3 b5 29. Nxf5 Bxf5 30. Rxd8+ Qxd8 31. Rd2 Qc8 32. Bxb5 1-0

[Event "1516LLO"]
[Site "Mecklenburg-Vorpommern"]
[Date "2016.04.24"]
[Round "9.4"]
[White "Gruner, Martin"]
[Black "Rosin, Ralf"]
[Result "0-1"]
[WhiteElo "1418"]
[BlackElo "1730"]
[PlyCount "56"]
[EventType "team-tourn"]
[EventRounds "9"]
[EventCountry "GER"]
[SourceDate "2015.09.20"]
[WhiteTeam "SV Gryps"]
[BlackTeam "SV Motor Wolgast"]
[WhiteTeamCountry "GER"]
[BlackTeamCountry "GER"]

1. d4 e6 2. c4 f5 3. Nf3 Nf6 4. Nc3 Be7 5. e3 O-O 6. Bd3 d5 7. Qc2 c6 8. O-O
Ne4 9. Ne5 Nd7 10. f3 Nxe5 11. dxe5 Nxc3 12. Qxc3 Qb6 13. Kh1 Bd7 14. a3 a5 15.
Bd2 a4 16. Rac1 Rfd8 17. Rfe1 Be8 18. e4 fxe4 19. fxe4 d4 20. Qc2 Bh5 21. c5
Qc7 22. Bf4 Ra5 23. Qc4 Qd7 24. Qb4 Raa8 25. Qd2 Rf8 26. Bg3 Qd8 27. Rc4 Ra5
28. Rec1 Bg5 0-1

[Event "1516LLO"]
[Site "Mecklenburg-Vorpommern"]
[Date "2016.04.24"]
[Round "9.5"]
[White "Klotzsche, Stefan"]
[Black "Decker, Lutz"]
[Result "1-0"]
[WhiteElo "1745"]
[BlackElo "1060"]
[PlyCount "93"]
[EventType "team-tourn"]
[EventRounds "9"]
[EventCountry "GER"]
[SourceDate "2015.09.20"]
[WhiteTeam "SV Motor Wolgast"]
[BlackTeam "SV Gryps"]
[WhiteTeamCountry "GER"]
[BlackTeamCountry "GER"]

1. Nf3 Nc6 2. g3 e5 3. d3 d5 4. Bg2 Nf6 5. O-O Bg4 6. h3 Bxf3 7. exf3 Bc5 8. c4
d4 9. Bg5 h6 10. Bxf6 Qxf6 11. Nd2 Qg6 12. Re1 O-O 13. Qe2 Rae8 14. a3 f5 15.
b4 Bd6 16. c5 Be7 17. b5 Na5 18. Qxe5 Bg5 19. Qd5+ Kh7 20. f4 Bf6 21. g4 fxg4
22. Be4 Rxe4 23. Qxe4 Qxe4 24. Rxe4 gxh3 25. Rae1 c6 26. Re8 Rxe8 27. Rxe8 cxb5
28. Kh2 Bh4 29. Ne4 Nb3 30. Kxh3 Bf6 31. Kg4 Kg6 32. f5+ Kh7 33. Nxf6+ gxf6 34.
Re7+ Kg8 35. Rxb7 Nxc5 36. Rxb5 Nxd3 37. Rb8+ Kg7 38. Rb7+ Kg8 39. Rxa7 Nxf2+
40. Kf3 Nh3 41. a4 d3 42. a5 d2 43. Rd7 Ng5+ 44. Ke2 Ne4 45. a6 Nc5 46. Rd8+
Kf7 47. a7 1-0